000 00835nam a2200277Ia 4500
003 OSt
005 20220918163427.0
006 a|||||r|||| 00| 0
007 ta
008 220917b |||||||| |||| 00| 0 eng d
020 _a0 7190 5022 7 (pbk)
024 _a201,728
037 _cTextual
040 _aARTS
_cARTS
_beng
041 _2eng
_aeng
082 _aX8(A):89ZB.3.M50, P1
100 _aKing Steven
_913084
245 0 _aMaking sense of the industrial revolution
260 _aManchester
_bManchester University Press
_c2001
300 _axiii, 402p
_ccm.
490 _aMancherster studies in modern history
650 _aINDUSTRIAL POLICY
_913085
700 _a Timmins Geoffrey
_913086
942 _hX8(A):89ZB.3.M50, P1
_cTEXL
_2CC
999 _c119540
_d119540